banner-ar

Poisoned legacy : (Record no. 63025)

MARC details
000 -الفاتح
حقل البيانات ثابتة الطول 02163cam a2200301 a 4500
005 - وقت وتاريخ اخر تعامل مع التسجيلة
رقم الضبط 20240530110619.0
008 - عناصر البيانات ثابتة الطول - معلومات عامة
حقل البيانات ثابتة الطول 110322s2010 ua ab b 001 0 eng d
020 ## - الرقم الدولى المعيارى للكتب
الرقم الدولى المعيارى للكتاب 9789774163951
040 ## - مصدر الفهرسة
وكالة النسخ EG-CaGPL
082 00 - رقم تصنيف ديوى العشرى
رقم التصنيف 932.014
رقم الطبعة 21
رقم المادة CC/D P
100 1# - المدخل الرئيسى - إسم شخصى
الإسم الشخصى Dodson, Aidan,
التواريخ المصاحبة للاسم 1962-
245 10 - بيان العنوان
العنوان Poisoned legacy :
بقية العنوان the decline and fall of the Nineteenth Egyptian Dynasty /
بيان المسئوليه,etc Aidan Dodson.
246 1# - العنوان الموازى
نص العرض Title on jacket:
عنوان صحيح/عنوان مختصر Poisoned legacy, the fall of the Nineteenth Egyptian Dynasty
260 ## - PUBLICATION, DISTRIBUTION, ETC. (IMPRINT)
تاريخ النشر أو التوزيع 2010.
300 ## - الوصف المادى
التعداد xxvi, 196 p. :
تفاصيل ماديه اخرى للوعاء ill., maps ;
أبعاد الوعاء 24 cm.
500 ## - تبصرة عامة
تبصرة عامة "After the death of Rameses II, the Nineteenth Dynasty soon fell into decline and familial conflict, culminating in a final civil war that ended with the accession of a new dynasty. Sethy I and Rameses II's promotion of a concept of a wider 'royal family' may have sown the seeds for the conflict among their descendants. Aidan Dodson explores the mysteries of the origins of the usurper-king Amenmeses and the career of the 'king-maker' of the period, the chancellor Bay. Having helped to install at least one pharaoh on the throne, Bay's life was ended by his abrupt execution, ordered by the woman with whom he had shared the regency of Egypt for the young and disabled King Siptah. Finally, the author considers how that woman, Towosret, became the last true female pharaoh, and how she finally lost her throne to the founder of the Twentieth Dynasty, Sethnakhte."--Jacket.
504 ## - تبصرة ببليوجرافية
تبصرة ببليوجرافية,الخ Includes bibliographical references (p. 165-185) and index.
600 00 - المدخل الاضافى بالموضوع-اسم شخصى
الإسم الشخصى Merneptah,
العنوان والكلمات الأخرى المصاحبة للاسم King of Egypt.
600 00 - المدخل الاضافى بالموضوع-اسم شخصى
الإسم الشخصى Tausert,
العنوان والكلمات الأخرى المصاحبة للاسم Queen, consort of Seti II, King of Egypt,
التواريخ المصاحبة للاسم active approximately 1187 B.C.-1185 B.C.
650 #0 - المدخل الاضافى بالموضوع-مصطلح موضوعى
مصطلح موضوعي Pharaohs
التقسيم الفرعي العام History.
650 #0 - المدخل الاضافى بالموضوع-مصطلح موضوعى
مصطلح موضوعي Kings and rulers
التقسيم الفرعي العام Succession.
651 #0 - المدخل الاضافى بالموضوع - اسم جغرافى
الاسم الجغرافي Egypt
التقسيم الفرعي العام History
التقسيم الفرعي الزمني Nineteenth dynasty, ca. 1320-1200 B.C.
942 ## - عناصر المدخل الإضافي( كوها)
مصدر التصنيف او مخطط الترفيف Dewey Decimal Classification
Koha [default] item type كتاب
260 ## - PUBLICATION, DISTRIBUTION, ETC. (IMPRINT)
-- Cairo ;
-- New York :
-- American University in Cairo Press,
856 42 - الوصول و الموقع الالكترونى
مواد محددة Contributor biographical information
معرف المصدر الموحد http://www.loc.gov/catdir/enhancements/fy1114/2011280920-b.html
856 42 - الوصول و الموقع الالكترونى
مواد محددة Publisher description
معرف المصدر الموحد http://www.loc.gov/catdir/enhancements/fy1208/2011280920-d.html
Holdings
حالة التراجع حالة الفقد مصدر التصنيف او خطة الترفيف حالة تلف ليس للاعارة المكان المؤقت الموقع الحالى موقع الترفيف تاريخ الاكتساب اجمالي اﻻعارات رقم الطلب الباركود تاريخ اخر مشاهدة تاريخ تفعيل السعر نوع وعاء كوها
    ddc     مكتبة القاهرة الكبرى مكتبة القاهرة الكبرى   12/17/2016   932.014 CC/D P 162971 12/17/2016 12/17/2016 كتاب

Powered By

EGPV